Honduras-El Salvador: una frontera conflictiva

שמור ב:
מידע ביבליוגרפי
פורמט: Texto
תגים: הוספת תג
אין תגיות, היה/י הראשונ/ה לתייג את הרשומה!

MARC

LEADER 00000 a a2200000 04500
001 1371
003
040
245 |a Honduras-El Salvador:   |b una frontera conflictiva  
773 |g número 58; páginas 41-42  
999 |c 38944  |d 38944